MARC details
| 000 -LÍDER |
| campo de controle de tamanho fixo |
02099nam a22002777a 4500 |
| 001 - NÚMERO DE CONTROLE |
| campo de controle |
427 |
| 003 - IDENTIFICADOR DO NÚMERO DE CONTROLE |
| campo de controle |
OSt |
| 005 - DATA E HORÁRIO DA ÚLTIMA TRANSAÇÃO |
| campo de controle |
20250624105021.0 |
| 008 - CAMPO DE DADOS FIXOS--INFORMAÇÃO GERAL |
| campo de controle de tamanho fixo |
250618b |||||||| |||| 00| 0 eng d |
| 040 ## - FONTE DA CATALOGAÇÃO |
| Idioma da catalogação |
por |
| 041 ## - CÓDIGO DE IDIOMA |
| Código do idioma do texto/trilha sonora ou título diferente |
por |
| 082 ## - CDD - CLASSIFICAÇÃO DECIMAL DE DEWEY |
| Número de Classificação |
133.93 |
| Número do exemplar |
A582a |
| 100 ## - ENTRADA PRINCIPAL--NOME PESSOAL |
| Nome pessoal |
Ângelis, Joanna de |
| Títulos e outras palavras associadas ao nome |
(espirito) |
| 245 ## - TÍTULO |
| Título |
Autodescobrimento - |
| Restante do título |
Uma busca interior / |
| Indicação de responsabilidade, etc. |
Ângelis, Joanna de (espirito) ; Psicografado por Divaldo Pereira Franco |
| 250 ## - EDIÇÃO |
| Declaração de edição |
4 ed. |
| 260 ## - PUBLICAÇÃO, DISTRIBUIÇÃO, ETC. |
| Local de publicação, distribuição, etc. |
Salvador |
| Nome do editor, distribuidor, etc. |
Alvorada |
| Data da publicação, distribuição, etc. |
1995 |
| 300 ## - DESCRIÇÃO FÍSICA |
| Extensão |
171 p. |
| 520 ## - NOTA DE RESUMO, ETC. |
| Resumo, etc. |
Muito antes da valiosa contribuição dos psiquiatras e psicólogos humanistas e transpessoais, quais Jubler Ross, Grof, Raymond Moody Júnior, Maslow, Tart, Viktor Frankl, Coleman e outros, que colocaram a alma como base dos fenômenos humanos, a psicologia espírita demonstrou que, sem uma visão espiritual da existência física, a própria vida permaneceria sem sentido ou significado.<br/><br/>O reducionismo, em psicologia, torna o ser humano um amontoado de células sob o comando do sistema nervoso central, vitimado pelos fatores da hereditariedade e pelos caprichos aberrantes do acaso.<br/><br/>A saúde e a doença, a felicidade e a desdita, a genialidade e as patologias mentais, limitadoras e cruéis, não passam de ocorrências estúpidas da eventualidade genética.<br/><br/>Assim considerado, o ser humano começaria na concepção e anular-se-ia na morte, um período muito breve para o trabalho que a Natureza aplicou mais de dois bilhões de anos, aglutinando e aprimorando moléculas, que se transformaram em um código biológico fatalista...<br/><br/>Por outro lado, a engenharia genética atual, aliando-se à biologia molecular, começa a detectar a energia como fator causal parea a construção do indivíduo, que passa a ser herdeiro de si mesmo, nos avançados processos das experiências da evolução. |
| 650 #0 - ASSUNTO--TERMO TÓPICO |
| Cabeçalho tópico ou nome geográfico |
Literatura Brasileira |
| 9 (RLIN) |
205 |
| 650 #0 - ASSUNTO--TERMO TÓPICO |
| Cabeçalho tópico ou nome geográfico |
Psicologia espírita |
| 9 (RLIN) |
923 |
| 650 #0 - ASSUNTO--TERMO TÓPICO |
| Cabeçalho tópico ou nome geográfico |
Psicografias |
| 9 (RLIN) |
485 |
| 650 #0 - ASSUNTO--TERMO TÓPICO |
| Cabeçalho tópico ou nome geográfico |
Sentido da vida |
| 9 (RLIN) |
759 |
| 655 #0 - TERMO DE ÍNDICE--GÊNERO E FORMA |
| Gênero/forma/ou termo foco |
Romance |
| 700 1# - ENTRADA ADICIONADA - NOME PESSOAL |
| Nome pessoal |
Franco, Divaldo Pereira |
| Datas associadas ao nome |
1927- 2025 |
| 9 (RLIN) |
922 |
| 942 ## - ELEMENTOS DE ENTRADA ADICIONADOS (KOHA) |
| Fonte de classificação ou esquema de arquivamento |
Classificação decimal de Dewey |
| Ocultar no OPAC |
Não |
| Tipo de material Koha |
Livros |